Antihero / (Record no. 417023)
[ view plain ]
| 000 -LEADER | |
|---|---|
| fixed length control field | 02469cam a2200385 i 4500 |
| 001 - CONTROL NUMBER | |
| control field | CoBPL903119327 |
| 003 - CONTROL NUMBER IDENTIFIER | |
| control field | Ingram |
| 005 - DATE AND TIME OF LATEST TRANSACTION | |
| control field | 20260305133305.0 |
| 008 - FIXED-LENGTH DATA ELEMENTS--GENERAL INFORMATION | |
| fixed length control field | 251219s2026 nyu e 000 1 eng d |
| 020 ## - INTERNATIONAL STANDARD BOOK NUMBER | |
| International Standard Book Number | 1250871778 |
| Terms of availability | $30.00 |
| 020 ## - INTERNATIONAL STANDARD BOOK NUMBER | |
| International Standard Book Number | 9781250871770 |
| Qualifying information | (hardcover) |
| 035 ## - SYSTEM CONTROL NUMBER | |
| System control number | (OCoLC)1538593637 |
| 040 ## - CATALOGING SOURCE | |
| Original cataloging agency | TnLvILS |
| Language of cataloging | eng |
| Description conventions | rda |
| Transcribing agency | TnLvILS |
| Modifying agency | TnLvILS |
| -- | CoBPL |
| 050 04 - LIBRARY OF CONGRESS CALL NUMBER | |
| Classification number | PS3558.U695 |
| Item number | A84 2026 |
| 082 04 - DEWEY DECIMAL CLASSIFICATION NUMBER | |
| Classification number | 813/.54 |
| Edition number | 23 |
| 092 ## - LOCALLY ASSIGNED DEWEY CALL NUMBER (OCLC) | |
| Classification number | fiction |
| Item number | Hurwitz, Gregg |
| 100 1# - MAIN ENTRY--PERSONAL NAME | |
| Personal name | Hurwitz, Gregg, |
| Relator term | author. |
| 9 (RLIN) | 5837351 |
| 245 10 - TITLE STATEMENT | |
| Title | Antihero / |
| Statement of responsibility, etc | Gregg Hurwitz. |
| 250 ## - EDITION STATEMENT | |
| Edition statement | First edition. |
| 264 #1 - Production, Publication, Distribution, Manufacture, and Copyright Notice. | |
| Place of production, publication, distribution, manufacture | New York : |
| Name of producer, publisher, distributor, manufacturer | Minotaur Books, |
| Date of production, publication, distribution, manufacture, or copyr | 2026. |
| 300 ## - PHYSICAL DESCRIPTION | |
| Extent | 402 pages ; |
| Dimensions | 25 cm. |
| 336 ## - Content Type | |
| Content type term | text |
| 337 ## - Media type | |
| Media type term | unmediated |
| 338 ## - Carrier type | |
| Carrier type term | volume |
| 490 1# - SERIES STATEMENT | |
| Series statement | Orphan X ; |
| Volume number/sequential designation | 11 |
| 520 ## - SUMMARY, ETC. | |
| Summary, etc | "...Evan Smoak takes on his most complex mission yet-one where he has to not only protect but also avenge, and find a way to balance vengeance with mercy. Once a black ops assassin for the government known as Orphan X, Evan Smoak broke with the program and went deep underground, using his operational rules and skills to help the truly desperate with nowhere else to turn. When Luke Devine, one of the most powerful men in the world has a psychological crisis, Evan flies to the East Coast to meet Luke. While there, he learns of a young woman who was kidnapped off the New York City subway, clearly in danger and in need of aid. With no name and few clues, Evan and his team track down the missing woman, who was assaulted and abandoned. Evan offers his help-and sets out tracking down the young men responsible. But the woman insists that Evan abandon his usual methods-no vengeance and, in particular, no killing. Which will prove no easy feat given the mounting incoming threats from all sides. In a mission that takes Evan from coast to coast, from the poorest corners of society to the richest, Orphan X must figure out a way to protect the innocent, avenge the victimized, and balance justice, with a measure of mercy"-- Provided by publisher. |
| 600 10 - SUBJECT ADDED ENTRY--PERSONAL NAME | |
| Personal name | Smoak, Evan |
| Titles and other words associated with a name | (Fictitious character) |
| Form subdivision | Fiction. |
| 650 #0 - SUBJECT ADDED ENTRY--TOPICAL TERM | |
| Topical term or geographic name as entry element | Missing persons |
| Form subdivision | Fiction. |
| 650 #0 - SUBJECT ADDED ENTRY--TOPICAL TERM | |
| Topical term or geographic name as entry element | Vigilantes |
| Form subdivision | Fiction. |
| 9 (RLIN) | 5675922 |
| 650 #0 - SUBJECT ADDED ENTRY--TOPICAL TERM | |
| Topical term or geographic name as entry element | Assault and battery |
| Form subdivision | Fiction. |
| 9 (RLIN) | 5695360 |
| 650 #0 - SUBJECT ADDED ENTRY--TOPICAL TERM | |
| Topical term or geographic name as entry element | Revenge |
| Form subdivision | Fiction. |
| 9 (RLIN) | 5673795 |
| 655 #7 - INDEX TERM--GENRE/FORM | |
| Genre/form data or focus term | Thrillers (Fiction) |
| Source of term | lcgft. |
| 800 1# - SERIES ADDED ENTRY--PERSONAL NAME | |
| Personal name | Hurwitz, Gregg. |
| Title of a work | Orphan X ; |
| Volume/sequential designation | 11. |
| 9 (RLIN) | 6544560 |
| 942 ## - ADDED ENTRY ELEMENTS (KOHA) | |
| Source of classification or shelving scheme | Dewey Decimal Classification |
| Koha item type | BOOK |
| Withdrawn status | Lost status | Source of classification or shelving scheme | Damaged status | Not for loan | Collection code | Home library | Current library | Shelving location | Date acquired | Source of acquisition | Serial Enumeration / chronology | Total Checkouts | Full call number | Barcode | Checked out | Date last seen | Date checked out | Cost, replacement price | Price effective from | Koha item type |
|---|---|---|---|---|---|---|---|---|---|---|---|---|---|---|---|---|---|---|---|---|
| Dewey Decimal Classification | Fiction | Wasatch County Library | Wasatch County Library | First Floor | 03/06/2026 | Ingram | #11 Orphan X | 1 | F Hurwitz | 34301002108159 | 03/27/2026 | 03/06/2026 | 03/06/2026 | 30.00 | 03/06/2026 | BOOK |
